书目信息 |
| 题名: |
国际刑法
|
|
| 作者: | 朱文奇 著 | |
| 分册: | ||
| 出版信息: | 北京 中国人民大学出版社 2014 |
|
| 页数: | 322页 | |
| 开本: | 26cm | |
| 丛书名: | ||
| 单 册: | ||
| 中图分类: | D997.9 | |
| 科图分类: | ||
| 主题词: | 国际刑法--Guo Ji Xing Fa--教材 | |
| 电子资源: | ||
| ISBN: | 978-7-300-19573-5 | |
| 000 | 00987nam0 22002651 450 | |
| 001 | 350276 | |
| 005 | 20161009083245.90 | |
| 010 | @a978-7-300-19573-5@dCNY39.00 | |
| 100 | @a20140925d2014 em y0chiy50 ea | |
| 101 | 0 | @achi@aeng |
| 102 | @aCN@b110000 | |
| 105 | @ay z 000yy | |
| 106 | @ar | |
| 200 | 1 | @a国际刑法@AGuo Ji Xing Fa@dInternational criminal law@f朱文奇著@zeng |
| 205 | @a2版 | |
| 210 | @a北京@c中国人民大学出版社@d2014 | |
| 215 | @a322页@d26cm | |
| 300 | @a21世纪国际法学系列教材 司法部法治建设与法学理论研究部级项目 | |
| 330 | @a本书分十五章,主要包括国际刑法导论、国际法上的严重罪行、国际人道法体系和规则、国际刑事司法机构、合法性原则、管辖豁免问题、执行命令不免责问题、指挥官责任问题、普通管辖问题、司法公正原则等内容。 | |
| 510 | 1 | @aInternational criminal law@zeng |
| 606 | 0 | @a国际刑法@AGuo Ji Xing Fa@j教材 |
| 690 | @aD997.9@v5 | |
| 701 | 0 | @a朱文奇@AZhu Wen Qi@f(1953~)@4著 |
| 801 | 0 | @aCN@bTANGWEI@c20160803 |
| 905 | @b0889215-9@dD997.9@e151=2@f5 | |
| 国际刑法=International criminal law/朱文奇著.-2版.-北京:中国人民大学出版社,2014 |
| 322页;26cm |
| 21世纪国际法学系列教材 司法部法治建设与法学理论研究部级项目 |
| ISBN 978-7-300-19573-5:CNY39.00 |
| 本书分十五章,主要包括国际刑法导论、国际法上的严重罪行、国际人道法体系和规则、国际刑事司法机构、合法性原则、管辖豁免问题、执行命令不免责问题、指挥官责任问题、普通管辖问题、司法公正原则等内容。 |
| ● |
| 相关链接 |
|
|
|
|
正题名:国际刑法
索取号:D997.9/151=2
 
预约/预借
| 序号 | 登录号 | 条形码 | 馆藏地/架位号 | 状态 | 备注 |
| 1 | 0889215 | 208892153 | 第一样本阅览室/ [索取号:D997.9/151=2] | 在馆 | |
| 2 | 0889216 | 208892162 | 第一借阅区/ [索取号:D997.9/151=2] | 在馆 | |
| 3 | 0889217 | 208892171 | 第一借阅区/ [索取号:D997.9/151=2] | 在馆 | |
| 4 | 0889218 | 208892180 | 第一借阅区/ [索取号:D997.9/151=2] | 在馆 | |
| 5 | 0889219 | 208892199 | 密集书库-史法系/ [索取号:D997.9/151=2] | 在馆 |